000 00443nam a2200181Ia 4500
008 221030s9999 xx 000 0 und d
020 _a007115342x
041 _aEnglish
082 _a105.23
_bJoh
100 _aJ. Johnston
245 0 _aEconometric Methods with 3.5 disk
_cby J. Johnston, J. Dinardo
250 _a4th
260 _bTMH
_aNew Delhi
_c2005
300 _a531
650 _aBE Economics
700 _aJ. Dinardo
942 _cBK
999 _c3522
_d3522